000 00283nam a22001337a 4500
008 210301b ||||| |||| 00| 0 eng d
020 _a0721637329
041 _aeng
080 _27th
_a616
100 _a9
101 _aPAT
245 _aBasic Pathology
_cKumar,V
942 _2udc
_cBK
999 _c55337
_d55337